header

1894-1969 (Record no. 247826)

MARC details
000 -LEADER
fixed length control field 01246nam a2200325Ia 4500
082 04 - DEWEY DECIMAL CLASSIFICATION NUMBER
Classification number 385/.06578
100 1# - MAIN ENTRY--AUTHOR NAME
Personal name Klein, Maury,
245 10 - TITLE STATEMENT
Title 1894-1969
260 ## - PUBLICATION, DISTRIBUTION, ETC. (IMPRINT)
Place of publication Minneapolis :
Name of publisher University of Minnesota Press,
Year of publication 2006.
300 ## - PHYSICAL DESCRIPTION
Number of Pages xiv, 654 p.
490 0# - SERIES STATEMENT
Series statement Union Pacific ;
500 ## - GENERAL NOTE
General note Reprint. Originally published: Garden City, N.Y. : Doubleday, 1987.
650 #0 - SUBJECT ADDED ENTRY--TOPICAL TERM
Topical Term History.
856 40 - ELECTRONIC LOCATION AND ACCESS
Uniform Resource Identifier http://site.ebrary.com/lib/rucke/Doc?id=10167207

No items available.

© 2026 Rongo University
Contact us: librarian | system librarian | Rongo university